The right to sanitation in India : (Record no. 173086)

MARC details
000 -LEADER
fixed length control field 00745nam a22002177a 4500
005 - DATE AND TIME OF LATEST TRANSACTION
control field 20200218125058.0
010 ## - LCCN (DPL NO)
LC control number ENG-127900
020 ## - INTERNATIONAL STANDARD BOOK NUMBER
Terms of availability 1295.00
International Standard Book Number 9780199489855
035 ## - SYSTEM CONTROL NUMBER
System control number EN-111432
037 ## - SOURCE OF ACQUISITION
Source of stock number/acquisition DBAD/PUB
082 ## - DEWEY DECIMAL CLASSIFICATION NUMBER
Classification number 363.720954
245 ## - TITLE STATEMENT
Title The right to sanitation in India :
Statement of responsibility, etc edited by Philippe Cullet Sujith Koonan, Lovleen Bhullar
Remainder of title critical perspectives/
260 ## - PUBLICATION, DISTRIBUTION, ETC. (IMPRINT)
Place of publication, distribution, etc New Delhi
Date of publication, distribution, etc 2019
Name of publisher, distributor, etc Oxford University Press
270 ## - ADDRESS
Address 2/11 Ground Floor,Ansari Road,Dariyaganj
Postal code 110002
City New Delhi
300 ## - PHYSICAL DESCRIPTION
Extent xxvii;435p.
Other physical details 22(hb)
500 ## - GENERAL NOTE
General note includes bibliographical references and index
700 ## - ADDED ENTRY--PERSONAL NAME
Personal name Bhullar, Lovleen
700 ## - ADDED ENTRY--PERSONAL NAME
Personal name Cullet, Philippe
700 ## - ADDED ENTRY--PERSONAL NAME
Personal name Koonan, Sujith
942 ## - ADDED ENTRY ELEMENTS (KOHA)
Source of classification or shelving scheme Dewey Decimal Classification
Item type English Books
Classification part RIG
Call number prefix 363.720954
Holdings
Withdrawn status Lost status Not for loan Collection code Home library Current library Date acquired Source of acquisition Cost, normal purchase price Full call number Barcode Copy number Cost, replacement price Koha item type
      Non-fiction Central Library Central Library 18/02/2020 DBAD/PUB 1295.00 RIG EN-111432 1 1295.00 English Books

© Delhi Public Library
Hit Counter
free hit counter